| 000 | 01260cam a22002895a 4500 | ||
|---|---|---|---|
| 001 | 14311675 | ||
| 005 | 20180506142421.0 | ||
| 008 | 060323t2007 waua frd 001 0 eng d | ||
| 040 |
_aDLC _cDLC _dDLC _dEG-ScBUE _beng |
||
| 082 | 0 | 4 |
_222 _a005.36 _bMCT |
| 245 | 0 | 0 |
_aMCTS self-paced training kit (exam 70-431) : _bMicrosoft SQL server 2005--implementation and maintenance / _cSolid Quality Learning. |
| 246 | 3 | 0 | _aMicrosoft SQL server 2005--implementation and maintenance |
| 260 |
_aRedmond : _bMicrosoft Press, _cc.2007. |
||
| 300 |
_axxxviii, 950 p. : _bill. ; _c24 cm. |
||
| 500 | _aIndex : p. 923-950. | ||
| 500 | _aGlossary : p. 909-922. | ||
| 630 | 0 | 7 | _aSQL server. |
| 650 | 7 |
_aMicrosoft software _xExaminations _vStudy guides. _2BUEsh |
|
| 650 | 7 |
_aTelecommunications engineers _xCertification. _2BUEsh |
|
| 651 | _2BUEsh | ||
| 653 |
_bGGEN _bCOMSCI _cMay2018 |
||
| 710 | 2 | _aSolid Quality Learning (Organization) | |
| 856 | 4 | 2 |
_3Publisher description _uhttp://www.loc.gov/catdir/enhancements/fy1004/2006924471-d.html |
| 856 | 4 | 1 |
_3Table of contents only _uhttp://www.loc.gov/catdir/enhancements/fy1010/2006924471-t.html |
| 856 | 4 | 2 |
_3Contributor biographical information _uhttp://www.loc.gov/catdir/enhancements/fy1211/2006924471-b.html |
| 942 | _2ddc | ||
| 999 |
_c26638 _d26610 |
||